| 000 | 01800cas a2200289 a 4500 | ||
|---|---|---|---|
| 005 | 20250116063901.0 | ||
| 006 | s|||||o|||| 00| 0 | ||
| 008 | 991125c2011 pe qr p|o 000 0 spa d | ||
| 022 | _a2304-0335 | ||
| 035 | _aUPN01000235890 | ||
| 040 |
_aMX-MxUPN _bspa _eaacr2 |
||
| 049 | _aREV-E | ||
| 245 | 0 | 0 |
_aApuntes universitarios _h[recurso electrónico en línea] |
| 260 |
_aPerú : _bUniversidad Peruana Unión, Escuela de Posgrado, _c2011- |
||
| 310 | _aTrimestral | ||
| 506 | 0 | _aAcceso abierto | |
| 510 | 1 | _aDialnet, Circ, Ebsco, Latindex, Doaj, entre otros. | |
| 510 | 1 | _aLatindex | |
| 510 | 1 | _aDoaj | |
| 520 | 1 |
_a"Es una publicación que incluye artículos de investigación de educación, a través de artículos originales e inéditos que dan cuenta de los resultados de investigaciones empíricas, estudios evaluativos de intervención o estudios diagnósticos, estudios de caso y revisiones sistemáticas de literatura sobre temas educativos, así como de ensayos en temas relacionados con educación y de reseñas bibliográficas, dando prioridad a aportes sobre Perú y América Latina, aunque se aceptan también artículos que abordan experiencias de otros países que resulten ilustrativas y contribuyan al debate actual de los temas educativos y de humanidades. Una parte de cada número se dedica a artículos sobre temas específicos —solicitados por convocatorias—, la otra ofrece un espacio abierto para investigaciones recientes de otros temas educativos". _cApuntes universitarios |
|
| 650 | 4 |
_aCiencias sociales _99133 |
|
| 650 | 4 |
_aEducación _9682 |
|
| 856 | 4 | 0 | _uhttps://apuntesuniversitarios.upeu.edu.pe/index.php/revapuntes/EnyAl |
| 856 | 4 | 0 |
_uhttps://doi.org/10.17162/au.v10i1.414 _zConsultar revista completa |
| 905 | _aRevista | ||
| 942 | _cREV-E | ||
| 999 |
_c207985 _d207985 |
||